Khoảng cách thu nhập theo giới của lao động làm công ăn lương tại Việt Nam giai đoạn 2012-2014 /

Sparad:
Bibliografiska uppgifter
Huvudupphovsman: Nguyễn Hoàng Oanh.
Övriga upphovsmän: Hoàng Thu Hằng.
Materialtyp: Artikel
Språk:Vietnamese
Ämnen:
Taggar: Lägg till en tagg
Inga taggar, Lägg till första taggen!
Thư viện lưu trữ: Thư viện Trường Đại học Đà Lạt
LEADER 00843nam a2200289 4500
001 DLU190192933
005 ##20191016
040 # # |a DLU  |b vie 
041 # # |a vie 
044 # # |a vn 
100 # # |a Nguyễn Hoàng Oanh. 
245 # # |a Khoảng cách thu nhập theo giới của lao động làm công ăn lương tại Việt Nam giai đoạn 2012-2014 /  |c Nguyễn Hoàng Oanh, Hoàng Thu Hằng. 
653 # # |a Bình đẳng giới 
653 # # |a Chênh lệch 
653 # # |a Khoảng cách 
653 # # |a Phương pháp Blinder-Oaxaca 
653 # # |a Thu nhập  
700 # # |a Hoàng Thu Hằng. 
773 # # |t Kinh tế và phát triển  |g Số 254, 2018, tr. 10-20 
994 # # |a DLU 
900 # # |a True 
911 # # |a Hoàng Thị Huyền 
925 # # |a G 
926 # # |a A 
927 # # |a BB 
980 # # |a Thư viện Trường Đại học Đà Lạt